| 000 | 00977cam a22003017i 4500 | ||
|---|---|---|---|
| 008 | |||
| 020 | _a9780128044445 (paperback.) | ||
| 049 | _aMAIN | ||
| 090 |
_aQA268 _bFLE |
||
| 100 | 1 | _aFletcher, Steven J. | |
| 245 | 1 | 0 |
_aData assimilation for the geosciences : _bfrom theory to application / _cSteven J. Fletcher. |
| 264 | 1 |
_aAmsterdam, Netherlands : _bElsevier, _c2017. |
|
| 300 |
_axviii, 957 p. : _bill. (some col.) ; _c24 cm. |
||
| 336 |
_atext _btxt _brdacontent |
||
| 337 |
_aunmediated _bn _2rdamedia |
||
| 338 |
_avolume _bnc _2rdacarrier |
||
| 500 | _aIncludes index. | ||
| 504 | _aIncludes bibliographical references. | ||
| 650 | 0 | _aCoding theory. | |
| 650 | 0 |
_aEarth sciences _xData processing. |
|
| 650 | 7 | _aCoding theory. | |
| 650 | 7 |
_aEarth sciences _xData processing. |
|
| 907 |
_a.b10392075 _b30-03-21 _c14-09-18 |
||
| 003 | |||
| 005 | 20230123141148.0 | ||
| 040 | _cNUST | ||
| 942 |
_cBOOKS _kQA268 _mFLE |
||
| 999 |
_c168743 _d168743 |
||